000
00342 a2200157 4500
001
59833
020
_a
9788576767367
040
_c
Anchieta - Pituba
100
_a
Stine, R. L.
240
1
0
_a
Goosebumps Horrorland
_l
por
245
1
0
_a
Goosebumps Horrorland
300
_a
106
362
0
_a
2010
650
4
_a
Literatura juvenil
942
_c
BK
999
_c
59833
_d
59833